Normal view
MARC view
- الحديث- رواية
Entry Topical Term
001 - CONTROL NUMBER
- control field: 56737
003 - CONTROL NUMBER IDENTIFIER
- control field: JO-AjAnu
005 - DATE AND TIME OF LATEST TRANSACTION
- control field: 20230606083309.0
008 - FIXED-LENGTH DATA ELEMENTS
- fixed length control field: 230606|| aca||aabn | a|a d
040 ## - CATALOGING SOURCE
- Original cataloging agency: JO-AjAnu
- Transcribing agency: JO-AjAnu
150 ## - HEADING--TOPICAL TERM
- Topical term or geographic name entry element: الحديث- رواية
670 ## - SOURCE DATA FOUND
- Source citation: Work cat.: (JO-AjAnu)28952: البغدادي، محمد سعيد محمد, author 56736, الرواية عن المبتدعة: دراسة نظرية تطبيقية على رواية الشيعة في صحيح البخاري